000 00698nam a2200289Ia 4500
005 20260324150525.0
008 008 260324s9999 xx 000 0 eng d
020 _a9780429491535
037 _aEBOOK
040 _aCRL
040 _beng
040 _cCRL
041 _2eng
041 _aeng
084 _qCRL
100 _aRobert F. Gray
_91226718
245 4 _aThe Sonjo of Tanganyika
245 3 _bAn Anthropological Study of an Irrigation-based Society
260 _bTaylor and Francis
260 _c1963
365 _a
365 _b180
856 _uhttp://www.taylorfrancis.com/books/9780429491535
942 _cEBOOK
999 _c1836309
_d1836309